Historia contemporánea de Europa 1789-1989
Sparad:
| Huvudupphovsman: | |
|---|---|
| Övriga upphovsmän: | , |
| Materialtyp: | Bok |
| Språk: | engelska spanska |
| Publicerad: |
Barcelona, España
Editorial Crítica S.L.
2004
|
| Upplaga: | Segunda edición |
| Serie: | Obras mayores
|
| Ämnen: | |
| Taggar: |
Lägg till en tagg
Inga taggar, Lägg till första taggen!
|
MARC
| LEADER | 00000nam a22000007a 4500 | ||
|---|---|---|---|
| 003 | CL-VaPUC | ||
| 005 | 20210730144904.0 | ||
| 008 | 210608b ||||| |||| 00| 0 eng d | ||
| 999 | |c 433048 |d 433046 | ||
| 020 | |a 8484321096 | ||
| 040 | |c Pontificia Universidad Católica de Valparaíso | ||
| 041 | 0 | |a spa | |
| 082 | 0 | 4 | |2 21 |a 940.27 BRI 2004 |
| 100 | 1 | |a Briggs, Asa |e autor |9 861287 | |
| 245 | 1 | 0 | |a Historia contemporánea de Europa 1789-1989 |
| 250 | |a Segunda edición | ||
| 260 | |a Barcelona, España |b Editorial Crítica S.L. |c 2004 | ||
| 300 | |a 477 páginas | ||
| 490 | |a Obras mayores | ||
| 500 | |a Donación VRA N. Vásquez L. | ||
| 583 | |c 20210608 |k Daniel Castañeda | ||
| 650 | 0 | 0 | |9 392003 |a Historia de Europa |y Siglos 18-20 |
| 650 | 0 | 0 | |a Historia contemporánea |9 343224 |y 1789-1989 |z Europa |
| 700 | 1 | |a Clavin, Patricia |e autora |9 861288 | |
| 700 | 1 | |a Ainaud, Jordi |e traductor |9 861289 | |
| 942 | |2 ddc |c BK | ||
| 952 | |0 0 |1 0 |2 ddc |4 0 |6 940_270000000000000_BRI_2004 |7 0 |8 R |9 578058 |a BIBHIS |b BIBHIS |c RES |d 2021-06-08 |i 5622042 |l 8 |o 940.27 BRI 2004 |p 5622042 |r 2024-01-30 |s 2023-11-28 |t 1 |w 2021-06-08 |y BK_R |k HIS | ||